Alpha to omega : the life & times of the Greek alphabet /

Bibliographic Details
Main Author: Humez, Alexander
Other Authors: Humez, Nicholas D.
Format: Book
Language:English
Published: Boston : D.R. Godine, 1981.
Subjects:

MARC

Tag First Indicator Second Indicator Subfields
LEADER 00000pam a2200000 a 4500
001 in00000074726
005 20151008054747.0
008 801106s1981 maub b 00110 engm
010 |a  80083955  
020 |a 087923377X :  |c $12.95 (est.) 
035 |a (OCoLC)06982380 
035 |9 AAJ1598AM 
040 |a DLC  |c DLC  |d m.c.  |d TXA  |d UtOrBLW 
049 |a TXAM  |c [932933] 
050 0 0 |a PA273  |b .H8 1981 
082 0 |a 481/1  |2 19 
100 1 |a Humez, Alexander. 
245 1 0 |a Alpha to omega :  |b the life & times of the Greek alphabet /  |c Alexander & Nicholas Humez. 
264 1 |a Boston :  |b D.R. Godine,  |c 1981. 
300 |a xv, 203 pages :  |b maps ;  |c 24 cm. 
336 |a text  |b txt  |2 rdacontent 
337 |a unmediated  |b n  |2 rdamedia 
338 |a volume  |b nc  |2 rdacarrier 
500 |a Maps on lining papers. 
500 |a Includes index. 
504 |a Bibliography: pages 190-194. 
650 0 |a Greek language  |x Alphabet. 
700 1 |a Humez, Nicholas D. 
999 |a MARS 
999 f f |s 6ff4698e-4172-3b7d-a8e4-115ada04dced  |i 22f344e0-7832-3a38-af57-ecb14cf6095c  |t 0 
952 f f |p noncirc  |a Texas A&M University  |b J.J. Pickle Campus  |c High Density Repository  |d Remote Storage  |t 0  |e PA273 .H8 1981  |h Library of Congress classification  |i unmediated -- volume  |m A1485326773D 
952 f f |p normal  |a Texas A&M University  |b College Station  |c Sterling C. Evans Library  |d Evans: Library Stacks  |t 0  |e PA273 .H8 1981  |h Library of Congress classification  |i unmediated -- volume  |m A14806172593 
998 f f |a PA273 .H8 1981  |t 0  |l Remote Storage 
998 f f |a PA273 .H8 1981  |t 0  |l Evans: Library Stacks